The Everly brothers : walk right back /
Saved in:
| Main Author: | |
|---|---|
| Format: | Book |
| Language: | English |
| Published: |
London :
Plexus,
1998.
|
| Edition: | [2nd ed.] |
| Subjects: | |
| Tags: |
Add Tag
No Tags, Be the first to tag this record!
|
| LEADER | 00760cam a2200253Ka 4500 | ||
|---|---|---|---|
| 001 | 007768404-4 | ||
| 005 | 20040903115031.0 | ||
| 008 | 981123s1998 enka 000 0 eng d | ||
| 020 | |a 0859652629 (pbk.) : |c $ 15.95 | ||
| 035 | 0 | |a ocm40386917 | |
| 040 | |a APL |c APL |d OCL | ||
| 050 | 4 | |a ML421.E9 |b W5 1998 | |
| 100 | 1 | |a White, Roger. | |
| 245 | 1 | 4 | |a The Everly brothers : |b walk right back / |c Roger White. |
| 246 | 3 | 0 | |a Walk right back |
| 250 | |a [2nd ed.] | ||
| 260 | |a London : |b Plexus, |c 1998. | ||
| 300 | |a 192 p., [24] p. of plates : |b ill. ; |c 23 cm. | ||
| 504 | |a Discography: p. 181-190 | ||
| 500 | |a Edition statement taken from preface. | ||
| 610 | 2 | 0 | |a Everly Brothers. |
| 650 | 0 | |a Rock musicians |z United States |v Biography. | |
| 988 | |a 20040903 | ||
| 906 | |0 OCLC | ||


